Central Library OPAC University of Rajshahi

Madame de Sade : (Record no. 22490)

MARC details
000 -LEADER
fixed length control field 01059nam a2200301 a 4500
001 - CONTROL NUMBER
control field 22490
003 - CONTROL NUMBER IDENTIFIER
rucl marc code BD-RjUL
005 - DATE AND TIME OF LATEST TRANSACTION
control field 20211209000819.0
008 - FIXED-LENGTH DATA ELEMENTS--GENERAL INFORMATION
fixed length control field 140308r19681967enk 000 0 eng d
035 ## - SYSTEM CONTROL NUMBER
System control number (BD-RjUL)22555
040 ## - CATALOGING SOURCE
Original cataloging agency BD-RjUL
Language of cataloging eng
Transcribing agency BD-RjUL
Modifying agency BD-RjUL
041 1# - LANGUAGE CODE
Language code of text/sound track or separate title eng
Language code of original jpn
082 ## - DEWEY DECIMAL CLASSIFICATION NUMBER
Classification number 895.62
Author mark and year MIM
100 1# - MAIN ENTRY--PERSONAL NAME
Personal name Mishima, Yukio,
Dates associated with a name 1925-1970.
9 (RLIN) 69464
245 10 - TITLE STATEMENT
Title Madame de Sade :
Remainder of title a play /
Statement of responsibility, etc. Yukio Mishima ; translated from the Japanese by Donald Keene.
250 ## - EDITION STATEMENT
Edition statement First British Commonwealth ed.
260 ## - PUBLICATION, DISTRIBUTION, ETC. (IMPRINT)
Place of publication, distribution, etc. London :
Name of publisher, distributor, etc. Peter Owen,
Date of publication, distribution, etc. 1968.
300 ## - PHYSICAL DESCRIPTION
Pagination 108 p. ;
Size 23 cm.
500 ## - GENERAL NOTE
General note "Madame de Sade was first performed ... [in] 1965"--t.p. verso.
General note Translation of: Sado kōshaku fujin.
General note Originally published by Grove Press, New York, in 1967.
650 #0 - SUBJECT ADDED ENTRY--TOPICAL TERM
Topical term or geographic name as entry element Japanese drama
General subdivision Translations into English.
9 (RLIN) 69354
700 1# - ADDED ENTRY--PERSONAL NAME
Personal name Keene, Donald.
830 #0 - SERIES ADDED ENTRY--UNIFORM TITLE
Volume number/sequential designation vol. 1
830 #0 - SERIES ADDED ENTRY--UNIFORM TITLE
Uniform title International Play Series (Peter Owen (Firm)) ;
942 ## - ADDED ENTRY ELEMENTS (KOHA)
Source of classification or shelving scheme Dewey Decimal Classification
Koha item type Books
Holdings
Lost status Source of classification or shelving scheme Damaged status Not for loan Collection code Permanent Location Current Location Shelving location Date acquired Source of acquisition Cost, normal purchase price Total Checkouts Full call number Date last seen Copy number Koha item type
  Dewey Decimal Classification   Added to bundle Fiction Central Library, University of Rajshahi Central Library, University of Rajshahi Reading Room 09/12/1972 Book Center 35.75   895.62 MIM 1968 08/03/2014 C-1 Books